000 00718nam a22002177a 4500
003 UA-OsUOA
001 113654
007 ta
008 20150922b un ||||| |||| 00| 0 ukr d
100 _aМатвієнко-Біляєва Г.Л.
090 _a330(477)
_bМ33
942 _cSA
040 _aUA-OsUOA
_bukr
_cUA-OsUOA
_dUA-OsUOA
245 _aСтратегічний розвиток підприємства на основі сучасних інструментів контролінгу
300 _aС.15-18
955 _a0
041 _aukr
080 _a330(477)
773 0 _w113652
_tЕкономіка. Фінанси. Право.
_dК.
_d2015
_g8
650 7 _a330 Економіка взагалі
_2UDC
999 _c399702
_d399702